000 01126nam a2200301 a 4500
001 64288
003 BD-RjUL
005 20211209081305.0
008 170213s1973 ii ac b 001 0 eng
035 _a(BD-RjUL)64418
040 _aDLC
_cMiRochOU
_dBD-RjUL
_beng
041 _aeng
082 _223
_a913.340470924
_bWAO 1973
100 1 _aWatters, Thomas,
_d1840-1901.
_9190915
245 1 0 _aOn Yuan Chwang's travels in India (629-645 A.D.) /
_cThomas Watters Edited after his death by T. W. Rhys Davids and S. W. Bushell and Vincent Arthur Smith
250 _a2nd ed.
260 _aDelhi :
_bMunshi Ram Manohar Lal,
_c1973.
300 _axiii, 357 p. :
_bill. ;
_c23 cm.
500 _aIncludes index
650 0 _aBuddhism.
_9171336
651 0 _aIndia
_xDescription and travel
_xEarly works to 1800.
_9190916
651 0 _aIndia
_xReligion.
_9170904
700 1 _aDavids, T. W. Rhys
_q(Thomas William Rhys),
_d1843-1922,
_eed.
_9190917
700 1 _aBushell, Stephen W.
_q(Stephen Wootton),
_d1844-1908,
_eed.
_9190918
700 1 _aSmith, Vincent Arthur,
_d1848-1920.
_9190919
942 _2ddc
_cBK
999 _c64288
_d64288